000 00607nam a2200205Ia 4500
003 GCL
008 140319s9999 xx 000 0 ara d
040 _aGCL /
_cGCL
082 0 4 _a811.094
_bا ط
100 1 _aاحمد طه
245 1 0 _aالطاولة 48 /
_cاحمد طه
260 _a[S.N] :
_bالهيئة المصرية العامة للكتاب ،
_c1992
300 _a143 ص
490 _a
650 0 4 _aالشعر العربى
650 0 4 _aالادب العربى
650 0 4 _aدواوين وقصائد
650 0 4 _aالشعر العربى - العصر الحديث
942 _2ddc
_cBK
999 _c30316
_d30316